Disney heroines' haircolors - Statistics

General Stats
  • This quiz has been taken 89 times
  • The average score is 20 of 23
Answer Stats
Heroine Movie they're from Answer % Correct
Snow white Snow White and the Seven Dwarfs Black
99%
Cinderella Cinderella Blond
97%
Aurora Sleeping Beauty Blond
97%
Jasmine Aladdin Black
96%
Pocahontas Pocahontas Black
96%
Mulan Mulan Black
96%
Rapunzel Tangled Blond
96%
Belle Beauty and the Beast Brown
96%
Ariel The Little Mermaid Red
96%
Tiana Princess and the Frog Black
95%
Merida Brave Red
95%
Moana Moana Black
93%
Elsa Frozen Blond
93%
Lilo Lilo and Stitch Black
91%
Tinker Bell Peter Pan Blond
91%
Alice Alice in Wonderland Blond
86%
Esmeralda The Hunchback of the Notre Dame Black
84%
Anna Frozen Brown
83%
Jane Tarzan Brown
80%
Melody The Little Mermaid 2 Black
79%
Wendy Peter pan Brown
78%
Megara Hercules Red
75%
Kida Atlantis: The Lost Empaire White
57%
No matching quizzes found
Score Distribution
Percent of People with Each Score
Percentile by Number Answered
Your Score History
You have not taken this quiz